|
|
|
|
| LEADER |
00887nab a2200229 i 4500 |
| 001 |
misc60992 |
| 005 |
20241003150922.0 |
| 008 |
220520s1933 hu o 000 ger d |
| 040 |
|
|
|a SZTE Miscellanea Repozitórium
|b hun
|
| 041 |
|
|
|a ger
|
| 100 |
1 |
|
|a Laziczius Gyula
|
| 245 |
1 |
4 |
|a Zur Wandlung idg. s > slav. ch
|h [elektronikus dokumentum] :
|b eine nordindische Parallele zum sla. Wandel von *š > x /
|c Laziczius Gyula
|
| 260 |
|
|
|a de Gruyter
|b Berlin
|c 1933
|
| 300 |
|
|
|a 196-199
|c 23 cm
|
| 300 |
|
|
|a [4] p.
|c 23 cm
|
| 490 |
0 |
|
|a Indogermanische Forschungen : Zeitschrift für Indogermanistik und allgemeine Sprachwissenschaft
|
| 561 |
|
|
|a Németh Gyula hagyaték
|
| 591 |
|
|
|a NOV 3109
|
| 650 |
|
4 |
|a Bölcsészettudományok
|
| 650 |
|
4 |
|a Nyelvek és irodalom
|
| 695 |
|
|
|a Nyelvészet - összehasonlító
|
| 856 |
4 |
0 |
|u http://misc.bibl.u-szeged.hu/60992/1/3109_nov_l39.pdf
|z Dokumentum-elérés
|